Champions League Winning Managers -- Sudden Death - Statistics

General Stats
  • This quiz has been taken 214 times
  • The average score is 6 of 14
Answers on the Grid
Answers color-coded by a green-red scale on the quiz's grid according to % correct below.
Massimiliano Allegri
Albert Batteux
Vicente del Bosque
Fabio Capello
Brian Clough
Sven-Göran Eriksson
Joe Fagan
Hansi Flick
Andoni Iraola
Avram Grant
Pep Guardiola
Béla Guttmann
Ernst Happel
Helenio Herrera
Jupp Heynckes
Gérard Houllier
Jorge Jesus
Ștefan Kovács
Martin O'Neill
Frank Rijkaard
Bobby Robson
Arrigo Sacchi
Maurizio Sarri
Fatih Terim
Giovanni Trapattoni
Terry Venables
Čestmír Vycpálek
Arsene Wenger
 
Answer Stats
Answer % Correct
Pep Guardiola
84%
Hansi Flick
80%
Vicente del Bosque
62%
Frank Rijkaard
61%
Jupp Heynckes
59%
Fabio Capello
56%
Arrigo Sacchi
41%
Brian Clough
41%
Ernst Happel
34%
Giovanni Trapattoni
30%
Béla Guttmann
28%
Helenio Herrera
28%
Ștefan Kovács
22%
Joe Fagan
18%
No matching quizzes found
Score Distribution
Percent of People with Each Score
Percentile by Number Answered
Your Score History
You have not taken this quiz